[Event "Chess.com Classic Play In"]
[Site "Chess.com INT"]
[Date "2024.05.08"]
[Round "7"]
[White "Vaishali, Ramesh Babu"]
[Black "Pinero Rodriguez, Carlos Jose"]
[Result "1-0"]
[WhiteElo "2490"]
[BlackElo "2288"]
[PlyCount "43"]
[EventDate "2024.05.08"]
[EventType "swiss (rapid)"]
[EventRounds "9"]
[EventCountry "USA"]
[SourceTitle "CB20_2024"]
[SourceDate "2024.05.16"]
[SourceVersion "1"]
[SourceVersionDate "2024.05.16"]
[SourceQuality "1"]

1. e4 c5 2. Nf3 e6 3. d4 cxd4 4. Nxd4 a6 5. Be2 Qc7 6. 0-0 Nf6 7. Nc3 Be7 8. Be3 d6 9. f4 b5 10. Bf3 Bb7 11. e5 dxe5 12. fxe5 Nfd7 13. Bxb7 Qxb7 14. Qg4 0-0 15. Bh6 g6 16. Bxf8 Nxf8 17. Ne4 Nbd7 18. Qf4 f5 19. exf6 e5 20. Qh4 Bd8 21. Qh6 Nb6 22. f7+ 1-0

[Event "Chess.com Classic Play In"]
[Site "Chess.com INT"]
[Date "2024.05.08"]
[Round "5"]
[White "Vaishali, Ramesh Babu"]
[Black "Tristan, Leonardo"]
[Result "0-1"]
[WhiteElo "2490"]
[BlackElo "2530"]
[PlyCount "100"]
[EventDate "2024.05.08"]
[EventType "swiss (rapid)"]
[EventRounds "9"]
[EventCountry "USA"]
[SourceTitle "CB20_2024"]
[SourceDate "2024.05.16"]
[SourceVersion "1"]
[SourceVersionDate "2024.05.16"]
[SourceQuality "1"]

1. e4 d5 2. exd5 Qxd5 3. Nc3 Qa5 4. d4 Nf6 5. Nf3 Bf5 6. Ne5 c6 7. g4 Be6 8. Bg2 Nbd7 9. Nxd7 Bxd7 10. h3 0-0-0 11. Qe2 e5 12. dxe5 Nd5 13. Bd2 Nxc3 14. Bxc3 Bb4 15. Bxb4 Qxb4+ 16. c3 Qc5 17. 0-0-0 Be6 18. Kb1 Qa5 19. c4 Qc5 20. b3 g5 21. Qe3 Qxe3 22. fxe3 h5 23. Rxd8+ Kxd8 24. gxh5 Rxh5 25. Kc2 Ke7 26. Kc3 Rh4 27. c5 Bf5 28. Rf1 Ke6 29. e4 Bxh3 30. Bxh3+ Rxh3+ 31. Kd4 Rh6 32. Rg1 Rg6 33. Rg4 Rg8 34. b4 a6 35. a3 Rg7 36. a4 Rg8 37. b5 axb5 38. axb5 cxb5 39. Kc3 Kxe5 40. Kb4 f5 41. exf5 Kxf5 42. Rg1 g4 43. Kxb5 Rg7 44. Kb6 g3 45. Rg2 Ke4 46. Ra2 g2 47. Ra1 g1Q 48. Rxg1 Rxg1 49. Kxb7 Kd5 50. c6 Rb1+ 0-1

[Event "Wch Blitz (Women)"]
[Site "Samarkand"]
[Date "2023.12.30"]
[Round "17"]
[White "Shuvalova, Polina"]
[Black "Vaishali, Ramesh Babu"]
[Result "1-0"]
[WhiteElo "2475"]
[BlackElo "2497"]
[PlyCount "145"]
[EventDate "2023.12.29"]
[EventType "swiss (blitz)"]
[EventRounds "17"]
[EventCountry "UZB"]
[SourceTitle "CB01_2024"]
[SourceDate "2024.01.03"]
[SourceVersion "1"]
[SourceVersionDate "2024.01.03"]
[SourceQuality "1"]

1. e4 e5 2. Nf3 Nc6 3. Nc3 Nf6 4. Bb5 Bd6 5. d3 h6 6. Ba4 a6 7. h3 Bc5 8. 0-0 d6 9. Bxc6+ bxc6 10. d4 exd4 11. Nxd4 Bd7 12. Be3 0-0 13. Qd3 Re8 14. Rfe1 Bb4 15. Bd2 c5 16. Nde2 Bxc3 17. Nxc3 Bc6 18. Rad1 Qc8 19. Bf4 Qb7 20. f3 Rad8 21. b3 Nd7 22. Kh1 Nf8 23. Bg3 Ne6 24. Kh2 a5 25. Nd5 Nf8 26. c4 a4 27. f4 axb3 28. axb3 Rb8 29. Re3 Bxd5 30. cxd5 Qb5 31. Qc2 f5 32. e5 Qd7 33. e6 Qe7 34. Qxf5 Rb4 35. Qg4 Qf6 36. Qf3 Ng6 37. Rf1 Re7 38. f5 Ne5 39. Bxe5 dxe5 40. Qg3 e4 41. Rf4 Rd4 42. Rfxe4 Rxd5 43. Re5 c6 44. Qf4 Kh7 45. Qe4 Rd6 46. Rxc5 Rd4 47. Qf3 Rd2 48. Rxc6 Qd4 49. Rc4 Qd6+ 50. Qg3 Qd5 51. Rf4 Rd1 52. Qf3 Qd6 53. Qg3 Qd5 54. Re1 Rd3 55. Qg4 Rxb3 56. Qg6+ Kh8 57. Ra1 Qe5 58. Ra8+ Rb8 59. Rxb8+ Qxb8 60. Qg3 Qe5 61. Rf3 Qe4 62. Qf4 Qd5 63. Re3 Qd8 64. Qe5 Qf8 65. Rg3 Kh7 66. Rf3 Qe8 67. Qe4 Qb8+ 68. Qf4 Qf8 69. g4 Qf6 70. Qe4 Rc7 71. Kg3 Ra7 72. h4 Qe7 73. f6+ 1-0

[Event "Wch Rapid (Women)"]
[Site "Samarkand"]
[Date "2023.12.28"]
[Round "10"]
[White "Vaishali, Ramesh Babu"]
[Black "Narva, Mai"]
[Result "0-1"]
[WhiteElo "2497"]
[BlackElo "2403"]
[PlyCount "138"]
[EventDate "2023.12.26"]
[EventType "swiss (rapid)"]
[EventRounds "11"]
[EventCountry "UZB"]
[SourceTitle "CB01_2024"]
[SourceDate "2024.01.03"]
[SourceVersion "1"]
[SourceVersionDate "2024.01.03"]
[SourceQuality "1"]

1. d4 Nf6 2. c4 e6 3. Bf4 d5 4. cxd5 exd5 5. Nc3 Bd6 6. Bxd6 Qxd6 7. e3 0-0 8. Bd3 c6 9. h3 Re8 10. Nf3 Nbd7 11. 0-0 Ne4 12. Qc2 f5 13. Nd2 Ndf6 14. Rae1 Bd7 15. a3 Re7 16. Bxe4 fxe4 17. f4 h5 18. f5 b6 19. Rf4 c5 20. dxc5 bxc5 21. Qd1 Qe5 22. g4 hxg4 23. hxg4 Bc6 24. g5 Nh7 25. Qh5 Be8 26. g6 Nf6 27. Qh3 Kf8 28. Rh4 Rb7 29. Nf1 Rxb2 30. Rh8+ Ke7 31. Ne2 Rab8 32. Nf4 Bd7 33. Rh7 Qxf5 34. Rxg7+ Kd6 35. Qxf5 Bxf5 36. Rf7 Ke5 37. Ng3 Be6 38. Re7 R2b6 39. g7 R8b7 40. Ng6+ Kd6 41. Rxb7 Rxb7 42. Rf1 Ng8 43. Nh5 d4 44. exd4 cxd4 45. Rf4 Rb5 46. Rxe4 Rg5+ 47. Kf2 Rxg6 48. Rxd4+ Ke5 49. Ke3 Rg5 50. Re4+ Kd6 51. Nf4 Ba2 52. Ra4 Rxg7 53. Kd4 Rg4 54. Ra6+ Kc7 55. Ke5 Kb7 56. Ra4 a5 57. Rd4 Rg5+ 58. Kd6 Nf6 59. Nd3 Ne8+ 60. Kd7 Nc7 61. a4 Bb3 62. Kd6 Kb6 63. Nf4 Rc5 64. Kd7 Rc4 65. Rd6+ Kb7 66. Nd3 Bxa4+ 67. Kd8 Bb5 68. Ne5 Re4 69. Rf6 Rxe5 0-1

[Event "Wch Rapid (Women)"]
[Site "Samarkand"]
[Date "2023.12.27"]
[Round "6"]
[White "Vaishali, Ramesh Babu"]
[Black "Pourkashiyan, Atousa"]
[Result "1/2-1/2"]
[WhiteElo "2497"]
[BlackElo "2259"]
[PlyCount "135"]
[EventDate "2023.12.26"]
[EventType "swiss (rapid)"]
[EventRounds "11"]
[EventCountry "UZB"]
[SourceTitle "CB01_2024"]
[SourceDate "2024.01.03"]
[SourceVersion "1"]
[SourceVersionDate "2024.01.03"]
[SourceQuality "1"]

1. d4 Nf6 2. Bf4 d5 3. e3 e6 4. Nf3 Bd6 5. Nbd2 c5 6. Bb5+ Nc6 7. dxc5 Bxc5 8. c4 0-0 9. 0-0 a6 10. Bxc6 bxc6 11. Rc1 Bd6 12. Bxd6 Qxd6 13. Qa4 Rb8 14. b3 Bb7 15. Qa5 Rfc8 16. Rfd1 h6 17. Qc3 c5 18. Qe5 Qb6 19. h3 Rd8 20. cxd5 exd5 21. Nf1 Rbc8 22. Ng3 d4 23. exd4 Bxf3 24. gxf3 cxd4 25. Rxc8 Rxc8 26. Qxd4 Qa5 27. Rd2 Qg5 28. Kg2 Re8 29. h4 Qa5 30. Rc2 Qe1 31. Rc7 Qe6 32. Rc5 Rc8 33. Rxc8+ Qxc8 34. b4 Qc2 35. a3 Qb3 36. Nf5 Qxa3 37. Qd8+ Kh7 38. Qf8 Nh5 39. Qxf7 Nf4+ 40. Kg3 Ne2+ 41. Kh2 Qc3 42. h5 Qe5+ 43. Kh3 Nf4+ 44. Kg4 Nd5 45. Ng3 Nf6+ 46. Kh3 Qf4 47. Kg2 Qg5 48. Kh3 Qf4 49. Kg2 Qg5 50. Kh3 Nd5 51. Kh2 Qh4+ 52. Kg1 Qg5 53. Qe6 Kh8 54. Qxa6 Qc1+ 55. Kh2 Nf6 56. Qd6 Qg5 57. Qd8+ Kh7 58. Qd3+ Kh8 59. b5 Nxh5 60. b6 Qh4+ 61. Kg1 Nxg3 62. fxg3 Qxg3+ 63. Kf1 Qh3+ 64. Kf2 Qh2+ 65. Kf1 Qh1+ 66. Kf2 Qh2+ 67. Kf1 Qh1+ 68. Kf2 1/2-1/2

[Event "Sant Boi de Llobregat op 4th"]
[Site "Sant Boi de Llobregat"]
[Date "2023.12.02"]
[Round "3"]
[White "Vaishali, Ramesh Babu"]
[Black "Ter Sahakyan, Samvel"]
[Result "0-1"]
[WhiteElo "2497"]
[BlackElo "2643"]
[PlyCount "64"]
[EventDate "2023.11.30"]
[EventType "swiss"]
[EventRounds "9"]
[EventCountry "ESP"]
[SourceTitle "CB50_2023"]
[SourceDate "2023.12.13"]
[SourceVersion "1"]
[SourceVersionDate "2023.12.13"]
[SourceQuality "1"]

1. e4 c5 2. Nf3 d6 3. d4 cxd4 4. Nxd4 Nf6 5. Nc3 a6 6. Be2 e5 7. Nb3 Be7 8. 0-0 0-0 9. Be3 Be6 10. Re1 Nc6 11. f3 b5 12. a4 bxa4 13. Rxa4 Qb8 14. Nd5 Bd8 15. Bc4 a5 16. Nxf6+ Bxf6 17. Bxe6 fxe6 18. Qe2 Rc8 19. Rea1 h6 20. Qd1 Be7 21. Bf2 Qb7 22. h4 Rab8 23. Kh2 Kh8 24. Kh3 Qd7 25. Kh2 Bd8 26. Nc5 Qe7 27. Nd3 Bb6 28. Qf1 Nb4 29. Bxb6 Rxb6 30. Qf2 Rxc2 31. Qxb6 Qxh4+ 32. Kg1 Nxd3 0-1

[Event "Speed Chess (Women)"]
[Site "Chess.com INT"]
[Date "2023.11.13"]
[Round "1.10"]
[White "Kosteniuk, Alexandra"]
[Black "Vaishali, Ramesh Babu"]
[Result "1-0"]
[WhiteElo "2526"]
[BlackElo "2467"]
[PlyCount "185"]
[EventDate "2023.11.13"]
[EventType "k.o. (blitz)"]
[EventRounds "3"]
[EventCountry "USA"]
[SourceTitle "CB47_2023"]
[SourceDate "2023.11.22"]
[SourceVersion "1"]
[SourceVersionDate "2023.11.22"]
[SourceQuality "1"]

1. e4 c5 2. Nf3 d6 3. Bb5+ Bd7 4. a4 Nf6 5. Qe2 g6 6. e5 dxe5 7. Nxe5 Bg7 8. Nxd7 Nbxd7 9. Nc3 0-0 10. 0-0 e6 11. d3 Qc7 12. a5 a6 13. Bc4 h5 14. h3 Ne8 15. Ne4 Nd6 16. Bf4 e5 17. Nxd6 Qxd6 18. Bd2 Rae8 19. Bc3 Nb8 20. Qe4 Nc6 21. Qd5 Rd8 22. Qxd6 Rxd6 23. Rfe1 Kh7 24. Re2 f5 25. Rae1 h4 26. f4 e4 27. Bxg7 Kxg7 28. dxe4 fxe4 29. Rxe4 Nxa5 30. Bd3 Nc6 31. f5 gxf5 32. Rxh4 b5 33. Rf4 Rdf6 34. Ref1 Ne7 35. g4 fxg4 36. Rxg4+ Kh6 37. Rxf6+ Rxf6 38. b3 Nd5 39. Rh4+ Kg5 40. Rg4+ Kh5 41. Be2 Kh6 42. Rh4+ Kg7 43. Rg4+ Kh6 44. Rh4+ Kg7 45. Rg4+ Kf8 46. Rg3 Nf4 47. Bg4 a5 48. Rf3 Kg7 49. Kf2 a4 50. bxa4 bxa4 51. Ra3 Nd5+ 52. Kg3 Nb6 53. h4 Kh6 54. Re3 Nc4 55. Re6 Kg7 56. Re7+ Kh6 57. Ra7 Nb6 58. Ra5 Rc6 59. Bf3 Rd6 60. Rxc5 Rg6+ 61. Kf2 Rf6 62. Rh5+ Kg6 63. Rg5+ Kh6 64. Rh5+ Kg6 65. Rg5+ Kh6 66. Ra5 Nc4 67. Rxa4 Ne5 68. Ra3 Rf4 69. Kg3 Rc4 70. Bd1 Ng6 71. Ra6 Kg7 72. h5 Nf4 73. h6+ Kh7 74. Bf3 Ng6 75. Be2 Rc3+ 76. Bd3 Kxh6 77. Rxg6+ Kh5 78. Rg8 Kh6 79. Rh8+ Kg7 80. Rd8 Kh6 81. Rd4 Kg5 82. Kf3 Ra3 83. Ke3 Ra5 84. Kd2 Kf6 85. Rb4 Ke5 86. Rb5+ Kd4 87. Rb4+ Ke5 88. Re4+ Kd6 89. Ke3 Ra3 90. c4 Kc5 91. Re5+ Kc6 92. Kd4 Ra8 93. Be4+ 1-0

[Event "Speed Chess (Women)"]
[Site "Chess.com INT"]
[Date "2023.11.13"]
[Round "1.20"]
[White "Kosteniuk, Alexandra"]
[Black "Vaishali, Ramesh Babu"]
[Result "1-0"]
[WhiteElo "2526"]
[BlackElo "2467"]
[PlyCount "203"]
[EventDate "2023.11.13"]
[EventType "k.o. (blitz)"]
[EventRounds "3"]
[EventCountry "USA"]
[SourceTitle "CB47_2023"]
[SourceDate "2023.11.22"]
[SourceVersion "1"]
[SourceVersionDate "2023.11.22"]
[SourceQuality "1"]

1. e4 c5 2. Nf3 Nc6 3. Bb5 e6 4. 0-0 Nge7 5. Re1 Nd4 6. Nxd4 cxd4 7. c3 a6 8. Bf1 Nc6 9. d3 Bc5 10. c4 0-0 11. a3 a5 12. Nd2 d6 13. Nf3 f5 14. e5 dxe5 15. Nxe5 Nxe5 16. Rxe5 Bd6 17. Re1 e5 18. c5 Bc7 19. f4 exf4 20. Qf3 Qh4 21. Bd2 Ra6 22. Qd5+ Kh8 23. Qf7 Qd8 24. Qe7 Qxe7 25. Rxe7 Bd8 26. Re2 g5 27. Rae1 Bf6 28. Re8 Kg7 29. Kf2 Bd7 30. Rxf8 Kxf8 31. Rc1 a4 32. Be2 Bc6 33. Bd1 Ra8 34. Rc4 Ke7 35. h3 h6 36. Rb4 Kd7 37. Rc4 Rg8 38. Bxa4 Be5 39. Bxc6+ Kxc6 40. Rb4 g4 41. Rb6+ Kxc5 42. Rxb7 f3 43. hxg4 fxg4 44. Bxh6 Rh8 45. Re7 Bd6 46. Re6 Kd5 47. Rg6 Rb8 48. b4 Rc8 49. Rxg4 fxg2 50. Kxg2 Rc2+ 51. Kf3 Rc3 52. Rg5+ Kc6 53. Ke4 Rxa3 54. Rg6 Kd7 55. b5 Rb3 56. Rg7+ Ke6 57. Rb7 Bc5 58. Bg7 Kd6 59. Bxd4 Rb4 60. Rb8 Rxd4+ 61. Kf5 Rb4 62. Rd8+ Kc7 63. Rd5 Bd6 64. Ke6 Bh2 65. Rh5 Bg1 66. Rg5 Bb6 67. Rg7+ Kb8 68. Kd6 Rd4+ 69. Kc6 Ba5 70. b6 Bxb6 71. Kxb6 Kc8 72. Rg3 Rd6+ 73. Kc5 Ra6 74. Rg8+ Kd7 75. Rg7+ Kd8 76. d4 Rh6 77. Kd5 Rh5+ 78. Ke6 Rh6+ 79. Ke5 Rh5+ 80. Kd6 Rh6+ 81. Kc5 Rh1 82. d5 Rh6 83. Ra7 Rg6 84. Ra8+ Kd7 85. Ra7+ Kd8 86. Rb7 Rh6 87. Rb4 Rg6 88. Rf4 Rh6 89. Kd4 Rg6 90. Ke5 Rh6 91. Rf8+ Ke7 92. Ra8 Rh5+ 93. Kd4 Kd6 94. Ra6+ Kd7 95. Kc5 Rh1 96. Ra7+ Kd8 97. Kc6 Rc1+ 98. Kd6 Ke8 99. Ra8+ Kf7 100. Kd7 Rd1 101. d6 Rb1 102. Ra2 1-0

[Event "Speed Chess (Women)"]
[Site "Chess.com INT"]
[Date "2023.11.13"]
[Round "1.3"]
[White "Vaishali, Ramesh Babu"]
[Black "Kosteniuk, Alexandra"]
[Result "0-1"]
[WhiteElo "2467"]
[BlackElo "2526"]
[PlyCount "104"]
[EventDate "2023.11.13"]
[EventType "k.o. (blitz)"]
[EventRounds "3"]
[EventCountry "USA"]
[SourceTitle "CB47_2023"]
[SourceDate "2023.11.22"]
[SourceVersion "1"]
[SourceVersionDate "2023.11.22"]
[SourceQuality "1"]

1. Nf3 d5 2. g3 Nf6 3. Bg2 Bf5 4. 0-0 Nbd7 5. d3 e5 6. c4 dxc4 7. dxc4 c6 8. Nc3 Qc7 9. b3 0-0-0 10. Bb2 h6 11. Qc1 g5 12. Ba3 Bg7 13. Rd1 Nb6 14. Nd2 e4 15. Nf1 Rxd1 16. Nxd1 Bg4 17. Qc2 Nfd7 18. Bb2 Bxb2 19. Qxb2 Re8 20. Nfe3 Be6 21. Bxe4 Bxc4 22. Bg2 Be6 23. Rc1 Qe5 24. Qxe5 Nxe5 25. Nc3 f5 26. Nb5 Rd8 27. Rc5 Nbd7 28. Rc2 Nf6 29. Nc3 f4 30. Nf1 Bf5 31. Rd2 b5 32. h3 a5 33. a3 Be6 34. Rxd8+ Kxd8 35. Nd2 Kc7 36. gxf4 gxf4 37. e3 fxe3 38. fxe3 Nd3 39. h4 b4 40. axb4 axb4 41. Na4 Nd7 42. Kf1 N7c5 43. Nxc5 Nxc5 44. Ke2 Nxb3 45. Kd3 Nxd2 46. Kxd2 c5 47. Kd3 c4+ 48. Kd4 c3 49. Be4 Kd6 50. Bd3 Bb3 51. e4 c2 52. e5+ Ke7 0-1

[Event "Speed Chess (Women)"]
[Site "Chess.com INT"]
[Date "2023.11.13"]
[Round "1.9"]
[White "Vaishali, Ramesh Babu"]
[Black "Kosteniuk, Alexandra"]
[Result "1/2-1/2"]
[WhiteElo "2467"]
[BlackElo "2526"]
[PlyCount "191"]
[EventDate "2023.11.13"]
[EventType "k.o. (blitz)"]
[EventRounds "3"]
[EventCountry "USA"]
[SourceTitle "CB47_2023"]
[SourceDate "2023.11.22"]
[SourceVersion "1"]
[SourceVersionDate "2023.11.22"]
[SourceQuality "1"]

1. d4 Nf6 2. Bf4 b6 3. e3 Bb7 4. Nf3 Nh5 5. Bg3 g6 6. Be5 f6 7. Bg3 Bg7 8. Nbd2 Nxg3 9. hxg3 d5 10. c4 e6 11. Qc2 f5 12. 0-0-0 Nd7 13. Kb1 c6 14. g4 Qe7 15. gxf5 exf5 16. Rc1 dxc4 17. Bxc4 0-0-0 18. Qa4 Kb8 19. Ba6 Ba8 20. Rxc6 Bxc6 21. Qxc6 Nf6 22. Ne5 Nd5 23. Qxd5 Bxe5 24. Qf3 Bd6 25. Rc1 Rd7 26. Nb3 Qe4+ 27. Qxe4 fxe4 28. Nd2 Re7 29. Rc6 Rd8 30. Bb5 Bc7 31. Rc1 Rf8 32. Rf1 g5 33. Bc6 g4 34. Nxe4 g3 35. f3 h5 36. Rh1 Rf5 37. Kc2 Rh7 38. Kd3 h4 39. d5 h3 40. gxh3 Rxf3 41. Ng5 g2 42. Rg1 Rf1 43. Rxg2 Rg7 44. h4 Bd8 45. e4 Rh1 46. Rf2 Rxh4 47. Ne6 Rg8 48. e5 Bg5 49. d6 Rh3+ 50. Kc2 Be3 51. Re2 Bc5 52. Nxc5 bxc5 53. e6 Rh6 54. e7 Rxd6 55. e8Q+ Rxe8 56. Bxe8 Kc7 57. Bf7 Rf6 58. Bc4 Rf4 59. b3 Kb6 60. Kc3 Rf3+ 61. Kb2 Rf4 62. Re6+ Kb7 63. Kc3 Rf3+ 64. Kd2 Rf2+ 65. Re2 Rf4 66. a3 Kb6 67. Kd3 Rf3+ 68. Re3 Rf4 69. Re6+ Kb7 70. Bd5+ Kb8 71. Re7 Rd4+ 72. Kc3 Rxd5 73. Kc4 Rh5 74. a4 Rh3 75. Re5 Kb7 76. Rxc5 Kb6 77. a5+ Kb7 78. Re5 Rg3 79. b4 Rg4+ 80. Kc5 Rg6 81. Re7+ Kb8 82. Kb5 Rh6 83. Re5 Rg6 84. Kc5 Rh6 85. Rd5 Rg6 86. Kb5 Rh6 87. Rg5 Rf6 88. Rg8+ Kb7 89. a6+ Kc7 90. Rg7+ Kb8 91. Rg8+ Kc7 92. Ra8 Rf5+ 93. Ka4 Kb6 94. Rb8+ Kxa6 95. b5+ Rxb5 96. Rxb5 1/2-1/2

[Event "FIDE Grand Swiss (Women)"]
[Site "Douglas"]
[Date "2023.10.30"]
[Round "6"]
[White "Vaishali, Ramesh Babu"]
[Black "Goryachkina, Aleksandra"]
[Result "1/2-1/2"]
[WhiteElo "2448"]
[BlackElo "2558"]
[PlyCount "82"]
[EventDate "2023.10.25"]
[EventType "swiss"]
[EventRounds "11"]
[EventCountry "IOM"]
[SourceTitle "Mega2024 Update 01"]
[Source "Chessbase"]
[SourceDate "2023.11.12"]
[SourceVersion "1"]
[SourceVersionDate "2023.11.12"]
[SourceQuality "1"]

1. e4 e5 2. Nf3 Nc6 3. Bc4 Bc5 4. c3 Nf6 5. d3 d6 6. 0-0 h6 7. Re1 0-0 8. h3 Bb6 9. Nbd2 a5 10. Bb5 Bd7 11. a4 Ne7 12. Bxd7 Nxd7 13. Nc4 Bc5 14. d4 exd4 15. Nxd4 Bxd4 16. Qxd4 Nc5 17. Qd1 Qd7 18. Qc2 Ng6 19. Be3 Qc6 20. Nd2 Rfe8 21. Bd4 Nf4 22. Re3 d5 23. Bxc5 Qxc5 24. Rae1 Re6 25. Nb3 Qe7 26. Nd4 Rxe4 27. Rxe4 dxe4 28. Qxe4 Qxe4 29. Rxe4 Nd3 30. b3 Kf8 31. Re3 Nc5 32. Kf1 Re8 33. Ke2 Ne4 34. Kf3 Nc5 35. h4 h5 36. Kf4 Rxe3 37. Kxe3 Ke7 38. f3 Kf6 39. Kf4 c6 40. g3 g6 41. g4 Nd3+ 1/2-1/2